Statistiken für Fußballtransfers Winterpause 2024

Klicken Sie hier um das Quiz zu spielen!

Allgemein

  • Dieses Quiz wurde 46 mal gespielt
  • Das Durchschnittsergebnis liegt bei 2 aus 10

Antwortstatistiken

Ablöse in €Neuer VereinSpieler% Korrekt
24 Mio.RB LeipzigEljif Elmas
71%
40 Mio.FC BarcelonaVitor Roque
55%
25 Mio.Tottenham HotspurRadu Drăgușin
29%
20 Mio.Paris Saint-GermainLucas Beraldo
12%
17 Mio.Olympique LyonMalick Fofana
2%
18 Mio.Benfica LissabonMarcos Leonardo
2%
10 Mio.OGC NizzaMohamed-Ali Cho
2%
15 Mio.Zenit St. PetersburgArtur
0%
14,5 Mio.Flamengo Rio de JaneiroNicolás de la Cruz
0%
9 Mio.Zenit St. PetersburgPedro
0%

Verteilung der Resultate

Perzentil nach korrekt beantworteten Fragen

Anzahl Personen mit jedem Resultat

Ihre Resultats-Entwicklung

Sie haben dieses Quiz noch nicht gespielt